Cibercultura: metáforas, prácticas sociales y colectivos en red /

Se considera la cibercultura como un campo de estudio a partir del cual es posible comprender las transformaciones culturales ligadas a la introducción de tecnologías digitales en las sociedades contemporáneas y, en particular, en las del denominado Tercer Mundo, a través de relaciones complejas de...

وصف كامل

محفوظ في:
التفاصيل البيبلوغرافية
المؤلف الرئيسي: Rueda Ortiz, Rocío
التنسيق: نص
الموضوعات:
الوسوم: إضافة وسم
لا توجد وسوم, كن أول من يضع وسما على هذه التسجيلة!

MARC

LEADER 00000 a a2200000 04500
001 10196
003
040
100 |a Rueda Ortiz, Rocío  
245 |a Cibercultura:   |b metáforas, prácticas sociales y colectivos en red /  |c Rocío Rueda Ortiz 
520 |a Se considera la cibercultura como un campo de estudio a partir del cual es posible comprender las transformaciones culturales ligadas a la introducción de tecnologías digitales en las sociedades contemporáneas y, en particular, en las del denominado Tercer Mundo, a través de relaciones complejas de entramados tecnosociales, en tres ámbitos, a saber: el ejercicio del poder, la acción social colectiva y la experiencia estética  
650 |a PRACTICAS TRADICIONALES  
650 |a TECNOLOGIA DE LA INFORMACION  
650 |a COMUNICACION  
650 |a CAPITALISMO  
773 |g número 27; páginas 8-20  
999 |c 35020  |d 35020